<?xml version="1.0" encoding="UTF-8"?>
<collection xmlns="http://www.loc.gov/MARC21/slim">
 <record>
  <leader>02316cam a2200493   4500</leader>
  <controlfield tag="001">1617125814</controlfield>
  <controlfield tag="003">DE-627</controlfield>
  <controlfield tag="005">20240309190459.0</controlfield>
  <controlfield tag="007">tu</controlfield>
  <controlfield tag="008">120605s2012    it ||||| c    00| ||fre c</controlfield>
  <datafield tag="020" ind1=" " ind2=" ">
   <subfield code="a">9788836623198</subfield>
   <subfield code="c">35.00 EUR</subfield>
   <subfield code="9">978-88-366-2319-8</subfield>
  </datafield>
  <datafield tag="020" ind1=" " ind2=" ">
   <subfield code="a">8836623190</subfield>
   <subfield code="9">88-366-2319-0</subfield>
  </datafield>
  <datafield tag="024" ind1="3" ind2=" ">
   <subfield code="a">9788836623198</subfield>
  </datafield>
  <datafield tag="035" ind1=" " ind2=" ">
   <subfield code="a">(DE-627)1617125814</subfield>
  </datafield>
  <datafield tag="035" ind1=" " ind2=" ">
   <subfield code="a">(DE-576)366327313</subfield>
  </datafield>
  <datafield tag="035" ind1=" " ind2=" ">
   <subfield code="a">(DE-599)BSZ366327313</subfield>
  </datafield>
  <datafield tag="035" ind1=" " ind2=" ">
   <subfield code="a">(OCoLC)801691339</subfield>
  </datafield>
  <datafield tag="035" ind1=" " ind2=" ">
   <subfield code="a">(ZDB-21-EIL)12061743</subfield>
  </datafield>
  <datafield tag="040" ind1=" " ind2=" ">
   <subfield code="a">DE-627</subfield>
   <subfield code="b">ger</subfield>
   <subfield code="c">DE-627</subfield>
   <subfield code="e">rakwb</subfield>
  </datafield>
  <datafield tag="041" ind1=" " ind2=" ">
   <subfield code="a">fre</subfield>
  </datafield>
  <datafield tag="044" ind1=" " ind2=" ">
   <subfield code="c">XA-IT</subfield>
  </datafield>
  <datafield tag="050" ind1=" " ind2="0">
   <subfield code="a">ND</subfield>
  </datafield>
  <datafield tag="082" ind1="0" ind2=" ">
   <subfield code="a">759</subfield>
  </datafield>
  <datafield tag="084" ind1=" " ind2=" ">
   <subfield code="a">9,10</subfield>
   <subfield code="2">ssgn</subfield>
  </datafield>
  <datafield tag="245" ind1="1" ind2="0">
   <subfield code="a">Charles Milcendeau, 1872 - 1919</subfield>
   <subfield code="b">sa vie, son œuvre; [... à l'occasion de l'Exposition &quot;Milcendeau, le Maître des Regards&quot;, présentée à l'Historial de la Vendée, Les Lucs-sur-Boulogne, du 7 avril au 8 juillet 2012]</subfield>
   <subfield code="c">Christophe Vital</subfield>
  </datafield>
  <datafield tag="264" ind1=" " ind2="1">
   <subfield code="a">Cinisello Balsamo (Milano)</subfield>
   <subfield code="b">Silvana</subfield>
   <subfield code="c">2012</subfield>
  </datafield>
  <datafield tag="300" ind1=" " ind2=" ">
   <subfield code="a">203 S.</subfield>
   <subfield code="b">überw. Ill.</subfield>
   <subfield code="c">28 cm</subfield>
  </datafield>
  <datafield tag="336" ind1=" " ind2=" ">
   <subfield code="a">Text</subfield>
   <subfield code="b">txt</subfield>
   <subfield code="2">rdacontent</subfield>
  </datafield>
  <datafield tag="336" ind1=" " ind2=" ">
   <subfield code="a">unbewegtes Bild</subfield>
   <subfield code="b">sti</subfield>
   <subfield code="2">rdacontent</subfield>
  </datafield>
  <datafield tag="337" ind1=" " ind2=" ">
   <subfield code="a">ohne Hilfsmittel zu benutzen</subfield>
   <subfield code="b">n</subfield>
   <subfield code="2">rdamedia</subfield>
  </datafield>
  <datafield tag="338" ind1=" " ind2=" ">
   <subfield code="a">Band</subfield>
   <subfield code="b">nc</subfield>
   <subfield code="2">rdacarrier</subfield>
  </datafield>
  <datafield tag="500" ind1=" " ind2=" ">
   <subfield code="a">C. Milcendeau (1872-1919), painter. - Catalog of an exhibition held at Historial de la Vendée, Les Lucs-sur-Boulogne, France, Apr. 6-July 8, 2012</subfield>
  </datafield>
  <datafield tag="583" ind1="1" ind2=" ">
   <subfield code="a">Archivierung/Langzeitarchivierung gewährleistet</subfield>
   <subfield code="f">SSG</subfield>
   <subfield code="x">XA-DE-BW</subfield>
   <subfield code="2">pdager</subfield>
   <subfield code="5">DE-16</subfield>
  </datafield>
  <datafield tag="655" ind1=" " ind2="7">
   <subfield code="a">Ausstellungskatalog</subfield>
   <subfield code="y">2012</subfield>
   <subfield code="z">Les Lucs-sur-Boulogne</subfield>
   <subfield code="0">(DE-588)4135467-9</subfield>
   <subfield code="0">(DE-627)10566491X</subfield>
   <subfield code="0">(DE-576)209660988</subfield>
   <subfield code="2">gnd-content</subfield>
  </datafield>
  <datafield tag="689" ind1="0" ind2="0">
   <subfield code="d">p</subfield>
   <subfield code="0">(DE-588)122160770</subfield>
   <subfield code="0">(DE-627)08177298X</subfield>
   <subfield code="0">(DE-576)21408289X</subfield>
   <subfield code="a">Milcendeau, Charles</subfield>
   <subfield code="d">1872-1919</subfield>
   <subfield code="2">gnd</subfield>
  </datafield>
  <datafield tag="689" ind1="0" ind2=" ">
   <subfield code="5">(DE-627)</subfield>
  </datafield>
  <datafield tag="700" ind1="1" ind2=" ">
   <subfield code="a">Vital, Christophe</subfield>
   <subfield code="d">1954-</subfield>
   <subfield code="0">(DE-588)136969941</subfield>
   <subfield code="0">(DE-627)588728756</subfield>
   <subfield code="0">(DE-576)301368546</subfield>
   <subfield code="4">oth</subfield>
  </datafield>
  <datafield tag="700" ind1="1" ind2=" ">
   <subfield code="a">Milcendeau, Charles Edmond Theodore</subfield>
   <subfield code="d">1872-</subfield>
   <subfield code="e">Ill.</subfield>
   <subfield code="0">(DE-588)174323689</subfield>
   <subfield code="0">(DE-627)699209889</subfield>
   <subfield code="0">(DE-576)135152038</subfield>
   <subfield code="4">ill</subfield>
  </datafield>
  <datafield tag="710" ind1="2" ind2=" ">
   <subfield code="a">Historial de la Vendée</subfield>
   <subfield code="g">Les Lucs-sur-Boulogne</subfield>
   <subfield code="0">(DE-588)10191937-2</subfield>
   <subfield code="0">(DE-627)557622077</subfield>
   <subfield code="0">(DE-576)275290050</subfield>
   <subfield code="4">oth</subfield>
  </datafield>
  <datafield tag="787" ind1="0" ind2="8">
   <subfield code="i">Rezensiert in</subfield>
   <subfield code="a">Weisberg, Gabriel P., 1942 - </subfield>
   <subfield code="t">Milcendeau, le maitre des regards</subfield>
   <subfield code="d">2012</subfield>
   <subfield code="w">(DE-627)1761472828</subfield>
  </datafield>
  <datafield tag="951" ind1=" " ind2=" ">
   <subfield code="a">BO</subfield>
  </datafield>
  <datafield tag="990" ind1=" " ind2=" ">
   <subfield code="a">Milcendeau, Charles</subfield>
  </datafield>
  <datafield tag="991" ind1=" " ind2=" ">
   <subfield code="a">Rezensiertes Werk</subfield>
  </datafield>
  <datafield tag="999" ind1=" " ind2=" ">
   <subfield code="a">KXP-PPN1617125814</subfield>
   <subfield code="e">4635352560</subfield>
  </datafield>
 </record>
</collection>
